ARRUPE JESUIT UNIVERSITY

CORONAVIRUS -STOP THE SPREAD - CLEAN,DISINFECT,COVER

Judaism and Christianity (Record no. 9854)

MARC details
000 -LEADER
fixed length control field 00584nam a2200229Ia 4500
003 - CONTROL NUMBER IDENTIFIER
control field 0100
008 - FIXED-LENGTH DATA ELEMENTS--GENERAL INFORMATION
fixed length control field 130303s9999 xx 000 0 und d
020 ## - INTERNATIONAL STANDARD BOOK NUMBER
International Standard Book Number 824603982
040 ## - CATALOGING SOURCE
Transcribing agency ARRUPELIB
050 ## - LIBRARY OF CONGRESS CALL NUMBER
Classification number BM535.W431997
100 ## - MAIN ENTRY--PERSONAL NAME
Personal name Weiss-Rosmarin, Trude
245 ## - TITLE STATEMENT
Title Judaism and Christianity
245 ## - TITLE STATEMENT
Remainder of title the differences
260 ## - PUBLICATION, DISTRIBUTION, ETC. (IMPRINT)
Place of publication, distribution, etc Middle Village
260 ## - PUBLICATION, DISTRIBUTION, ETC. (IMPRINT)
Name of publisher, distributor, etc Jonathan David Pub.
260 ## - PUBLICATION, DISTRIBUTION, ETC. (IMPRINT)
-- 1997
650 ## - SUBJECT ADDED ENTRY--TOPICAL TERM
Topical term following geographic name as entry element Experience (Religion)
650 ## - SUBJECT ADDED ENTRY--TOPICAL TERM
Location of event Postmodernism -- Religious aspects
650 ## - SUBJECT ADDED ENTRY--TOPICAL TERM
Active dates Religious Pluralism
700 ## - ADDED ENTRY--PERSONAL NAME
Personal name Trude Weiss-Rosmarin
942 00 - ADDED ENTRY ELEMENTS (KOHA)
Koha issues (borrowed), all copies 1
Holdings
Withdrawn status Lost status Source of classification or shelving scheme Damaged status Not for loan Collection code Home library Current library Shelving location Date acquired Total Checkouts Full call number Barcode Date last seen Date checked out Copy number Price effective from Koha item type
    Library of Congress Classification     Main Collection ARRUPE LIBRARY ARRUPE LIBRARY   04/03/2013 1 BM535.W431997 46003016708 04/11/2016 17/03/2014 1 04/03/2013 Monograph ( Printed materials)

 

Arrupe Library. PO Box MP320 Mt Pleasant, Harare, Zimbabwe
263 242 745411|librarian@aju.ac.zw